000 00712nam a2200205Ia 4500
003 GCL
008 140319s9999 xx 000 0 ara d
020 _a5134105977
040 _aGCL /
_cGCL
082 0 4 _a189.1
_bز ا
100 1 _aزينب محمود الخضيرى
245 1 0 _aاثر ابن رشد فى فلسفة العصور الوسطى /
_cزينب محمود الخضيرى
260 _aالقاهرة :
_bمكتبة الانجلوالمصرية ،
_c1995
300 _a429 ص ؛
_c24 سم
650 0 4 _aالفلسفة الاسلامية
650 0 4 _aالفلسفة
650 0 4 _aالفلسفة اليونانية
650 0 4 _aالفلسفة - العصور الوسطى
942 _2ddc
_cBK
999 _c31660
_d31660